000 00619nam a2200169 4500
001 125877
003 ES-MaACL
005 20230906192720.0
007 t|
008 070214s1955 sp r ||||1| spa d
245 0 0 _aReglamento del impuesto del alcoholes
_b: aprobado por Decreto del Ministerio de Hacienda, fecha 22 de octubre de 1954.
260 _aMadrid :
_b[s. n.],
_c1955 (
_fA. G. E. S. A.)
300 _a328 p. ;
_c19 cm.
500 _aEs publicación de: Revista de Alcoholes, Azúcares e Industrias Derivadas.
710 2 _aEspaña.
_bMinisterio de Hacienda.
_93874
852 _aES-MaACL
_jC-10004
_bR.37497
999 _c125877
_d125877